Score 0/52 Timer 10:00
0 Plays Today
Date Movie % Correct
May 3-5Iron Man 3
79.1%
May 10-12Iron Man 3
79.1%
November 22-24The Hunger Games: Catching Fire
78.7%
Nov. 29-Dec. 1The Hunger Games: Catching Fire
78.7%
October 4-6Gravity
71.2%
October 11-13Gravity
71.2%
October 18-20Gravity
71.2%
November 8-10Thor: The Dark World
67.6%
November 15-17Thor: The Dark World
67.6%
July 26-28The Wolverine
65%
May 24-26Fast and Furious 6
63%
May 31- June 2Fast and Furious 6
63%
July 5-7Despicable Me 2
58.8%
July 12-14Despicable Me 2
58.7%
December 6-8Frozen
57.1%
December 13-15The Hobbit: The Desolation of Smaug
56.1%
December 20-22The Hobbit: The Desolation of Smaug
56.1%
December 27-29The Hobbit: The Desolation of Smaug
56.1%
October 25-27Bad Grandpa
51%
May 17-19Star Trek Into Darkness
47.8%
June 14-16Man of Steel
46.6%
January 11-13Zero Dark Thirty
45.8%
June 21-23Monsters University
45.7%
June 28-30Monsters University
45.7%
August 16-18Lee Daniels' The Butler
36%
August 23-25Lee Daniels' The Butler
36%
Date Movie % Correct
February 15-17A Good Day to Die Hard
35.3%
April 19-21Oblivion
28.4%
February 22-24Identity Thief
27.2%
February 8-10Identity Thief
27.2%
September 6-8Riddick
24.6%
August 9-11Elysium
24.5%
March 15-17Oz The Great and Powerful
23.4%
March 8-10Oz The Great and Powerful
23.4%
November 1-3Ender's Game
22.8%
March 22-24The Croods
22.7%
February 1-3Warm Bodies
22.6%
September 20-22Prisoners
18.7%
April 26-28Pain and Gain
18.3%
Aug. 30 - Sep. 1One Direction: This is Us
17%
September 27-29Cloudy With a Chance of Meatballs 2
16.7%
August 2-42 Guns
16.7%
July 19-21The Conjuring
15.2%
June 7-9The Purge
14.6%
January 18-20Mama
14.3%
January 25-27Hansel & Gretel: Witch Hunters
14.1%
March 1-3Jack the Giant Slayer
13.7%
April 12-1442
12.8%
March 29-31G.I. Joe: Retaliation
11.1%
September 13-15Insidious: Chapter 2
11%
January 4-6Texas Chainsaw 3D
7.7%
April 5-7Evil Dead
6.8%
Remove Ads.
Support Sporcle.
Get the best of Sporcle when you Go Orange. This ad-free experience offers more features, more stats, and more fun while also helping to support Sporcle. Thank you for becoming a member.

You're not logged in!

Compare scores with friends on all Sporcle quizzes.
OR
Log In

Show Comments

Extras

Top Quizzes Today


Score Distribution

Your Account Isn't Verified!

In order to create a playlist on Sporcle, you need to verify the email address you used during registration. Go to your Sporcle Settings to finish the process.

Report this User

Report this user for behavior that violates our Community Guidelines.

Details: